00928nam a22001817a 4500003000400000005001700004008004100021020001500062082001500077100002000092245013100112250000600243260003900249300002200288490001500310520040600325700001500731OSt20260410114316.0260410b |||||||| |||| 00| 0 eng d a0399151796 20399151796 a Sally Jenkins. aFUNNY CIDEbHow a Horse, a Trainer, a Jockey, and a Bunch of High School Buddies Took on the Sheiks and Blue Bloods—and Won. a1 aE.E.U.UbG.P. Putnam's Sons.c2004 a279 págc 16X24 3Tapa dura  aEl libro narra la historia real de Funny Cide, un caballo de carreras castrado de Nueva York que se convirtió en una sensación nacional al ganar el Derby de Kentucky y el Preakness Stakes en 2003. La obra destaca cómo un grupo improbable de amigos de la secundaria, junto con un entrenador y un jockey, lograron vencer a los dueños de caballos más ricos y poderosos del mundo de la hípica. aFUNNY CIDE